| 000 | 00651nam a2200205Ia 4500 | ||
|---|---|---|---|
| 008 | 191130s2006##################000#0#eng## | ||
| 020 | _a9780786441006 | ||
| 040 |
_aACL _cACL |
||
| 082 | _a975.7041 KIN | ||
| 100 | _aKinshasa, Kwando Mbiassi | ||
| 245 |
_aBlack resistance to the Ku Klux Klan in the wake of the civil war _cKwando Mbiassi Kinshasa |
||
| 260 |
_aJefferson, N.C _bMcFarland & Company _c2006 |
||
| 300 | _aix, 252 p. : ill. ; 27 cm. | ||
| 650 | _aAfrican Americans--Crimes against | ||
| 650 | _aEthnic conflict | ||
| 650 | _aSouth Carolina | ||
| 990 | _aa10fa845ac10000c2ec01b0734711df1 | ||
| 991 | _a338451 | ||
| 999 |
_c117194 _d117194 |
||